000 01505nam0a2200325 4500
001 RU\NLR\BIBL_A\012173618
005 20200203171752.0
010 _a978-5-4330-0137-4
021 _aRU
_bАЛ-П-19-00966и
_9АЛ-П-19-0182
035 _a(NLR Aleph) 012173618
035 _a(RuMoRGB)010201336
090 _a12252683
_c12252683
100 _a20191226d2019 u y0rusy50 ca
101 0 _arus
_aeng
102 _aRU
105 _aa|||b|||000zy
200 1 _aОбщая инвентаризация
_iРисунки, журнальные иллюстрации
_e[альбом-каталог]
_fГариф Басыров
210 _aМосква
_cABCdesign
_d2019
215 _a139, [1] с.
_cил., цв. ил.
_d28
225 1 _aОбщая инвентаризация
_eв 8 т.
300 _aЧасть текста парал. рус., англ.
309 _aКн. вложена в коробку с семью др. кн.
604 _1700#1$aБасыров$bГ. Ш.$gГариф Шарипович$f1944 - 2004
_15011#$aГрафика$jАльбомы$2nlr_sh2$3RU\NLR\AUTH\6601667877
686 1 _aЩ153(2Р=Рус)7-8Басыров я61
700 1 _aБасыров
_bГ. Ш.
_cхудожник
_f1944-2004
_gГариф Шарипович
_3RU\NLR\AUTH\7797731
942 _cBOOK
980 _aNB